Detalles MARC
| 000 -CABECERA |
| Longitud fija campo de control |
01329nam a2200313Ia 4500 |
| 005 - • FECHA Y HORA DE LA ÚLTIMA TRANSACCIÓN |
| Fecha y hora de la última transacción |
20220317001011.0 |
| 008 - • CÓDIGOS DE INFORMACIÓN DE LONGITUD FIJA |
| Códigos de información de longitud fija |
160825s2008 ck a g 000 0 spa |
| 020 ## - • NÚMERO INTERNACIONAL NORMALIZADO PARA LIBROS |
| Número Internacional Normalizado para Libros (ISBN) |
97895804131012 |
| 040 ## - FUENTE DE LA CATALOGACIÓN |
| Centro catalogador de origen |
CO-BoRNBP |
| Lengua de catalogación |
spa |
| Normas de descripción |
rda |
| Centro transcriptor |
CO-BoRNBP |
| 084 ## - • Clasificación Local Alfanúmerica PNLB |
| Número de clasificación |
N INK1 |
| 100 1# - • PUNTO DE ACCESO PRINCIPAL-NOMBRE DE PERSONA |
| Nombre de persona |
Inkiow, Dimiter |
| Fechas asociadas al nombre |
1932-2006 |
| 245 10 - • TITULO PROPIAMENTE DICHO |
| Título |
De cómo decidí convertirme en hermano mayor |
| Mención de responsabilidad, etc. |
Dimiter Inkiow ; traducción Rafael Arteaga ; ilustraciones Michaela Reiner |
| 250 ## - • MENCIÓN DE EDICIÓN |
| Mención de edición |
1a. edición |
| 264 ## - PRODUCCIÓN, PUBLICACIÓN , DISTRIBUCIÓN, FABRICACIÓN Y COPYRIGHT |
| Lugar de producción, publicación, distribución, fabricación |
Bogotá |
| Nombre del productor, editor, distribuidor, fabricante |
Norma |
| Fecha de de producción, publicación, distribución, fabricación o copyright |
2008 |
| 300 ## - • DESCRIPCIÓN FÍSICA |
| Extensión |
106 páginas |
| Otras características físicas |
ilustraciones en blanco y negro |
| Dimensiones |
19 cm |
| 336 ## - TIPO DE CONTENIDO |
| Término de tipo de contenido |
texto |
| Código de tipo de contenido |
txt |
| Fuente |
rdacontent |
| 337 ## - TIPO DE MEDIO |
| Nombre del tipo de medio |
sin mediación |
| Código del tipo de medio |
n |
| Fuente |
rdamedia |
| 338 ## - TIPO DE SOPORTE |
| Nombre del tipo de soporte |
volumen |
| Código del tipo de soporte |
nc |
| Fuente |
rdacarrier |
| 490 ## - • MENCIÓN DE SERIE |
| Mención de serie |
Torre de papel |
| Nombre de la parte/sección (NR) |
roja |
| 520 ## - • NOTA DE RESUMEN |
| Resumen, etc, |
Un niño cuenta todo el proceso que vivió desde que quiso, con todas sus fuerzas, tener un hermanito hasta que, finalmente, el bebé llegó a la casa. El nacimiento provoca anécdotas y reflexiones profundas |
| 650 14 - • PUNTO DE ACCESO ADICIONAL DE MATERIA - TÉRMINO DE MATERIA |
| Fuente del encabezamiento o término |
LEMB |
| Término de materia o nombre geográfico como elemento inicial |
Novela juvenil bulgara |
| Subdivisión cronológica |
Siglo XX |
| 650 14 - • PUNTO DE ACCESO ADICIONAL DE MATERIA - TÉRMINO DE MATERIA |
| Fuente del encabezamiento o término |
LEMB |
| Término de materia o nombre geográfico como elemento inicial |
Literatura juvenil bulgara |
| Subdivisión cronológica |
Siglo XX |
| 650 14 - • PUNTO DE ACCESO ADICIONAL DE MATERIA - TÉRMINO DE MATERIA |
| Fuente del encabezamiento o término |
LEMB |
| Término de materia o nombre geográfico como elemento inicial |
Bebés en la literatura |
| 650 14 - • PUNTO DE ACCESO ADICIONAL DE MATERIA - TÉRMINO DE MATERIA |
| Fuente del encabezamiento o término |
LEMB |
| Término de materia o nombre geográfico como elemento inicial |
Relaciones de familia en la literatura |
| 650 14 - • PUNTO DE ACCESO ADICIONAL DE MATERIA - TÉRMINO DE MATERIA |
| Fuente del encabezamiento o término |
LEMB |
| Término de materia o nombre geográfico como elemento inicial |
Hermanos y hermanas en la literatura |
| 700 1# - • PUNTO DE ACCESO ADICIONAL - NOMBRE DE PERSONA |
| Nombre de persona |
Reiner, Michaela |
| 700 1# - • PUNTO DE ACCESO ADICIONAL - NOMBRE DE PERSONA |
| Nombre de persona |
Arteaga, Rafael |
| 942 ## - ENTRADA DE ELEMENTOS AGREGADOS (KOHA) |
| Fuente de clasificaión o esquema |
|
| Koha [por defecto] tipo de item |
Libro Literatura |